<?xml version="1.0" encoding="UTF-8"?>
<record
    xmlns:xsi="http://www.w3.org/2001/XMLSchema-instance"
    xsi:schemaLocation="http://www.loc.gov/MARC21/slim http://www.loc.gov/standards/marcxml/schema/MARC21slim.xsd"
    xmlns="http://www.loc.gov/MARC21/slim">

  <leader>00994nam a2200277 i 4500</leader>
  <controlfield tag="001">106060</controlfield>
  <controlfield tag="003">ES-MaACL</controlfield>
  <controlfield tag="005">20250801164031.0</controlfield>
  <controlfield tag="007">t|</controlfield>
  <controlfield tag="008">060925q1904    fr           ||||1| fre d</controlfield>
  <datafield tag="080" ind1=" " ind2=" ">
    <subfield code="a">82</subfield>
  </datafield>
  <datafield tag="080" ind1=" " ind2=" ">
    <subfield code="a">330.84:82</subfield>
  </datafield>
  <datafield tag="100" ind1="1" ind2=" ">
    <subfield code="a">Gros, J.-M.</subfield>
    <subfield code="e">aut</subfield>
    <subfield code="9">60154</subfield>
  </datafield>
  <datafield tag="245" ind1="1" ind2="3">
    <subfield code="a">Le mouvement litt&#xE9;raire socialiste depuis 1830 / </subfield>
    <subfield code="c">J.-M. Gros</subfield>
  </datafield>
  <datafield tag="260" ind1=" " ind2=" ">
    <subfield code="a">Paris : </subfield>
    <subfield code="b">Albin Michel, </subfield>
    <subfield code="c">[ca. 1904]</subfield>
  </datafield>
  <datafield tag="300" ind1=" " ind2=" ">
    <subfield code="a">322 p&#xE1;ginas ; </subfield>
    <subfield code="c">19 cm</subfield>
  </datafield>
  <datafield tag="530" ind1=" " ind2=" ">
    <subfield code="a">Disponible en formato digital </subfield>
  </datafield>
  <datafield tag="650" ind1=" " ind2="7">
    <subfield code="a">Literatura y pol&#xED;tica</subfield>
    <subfield code="2">embne</subfield>
    <subfield code="9">14675</subfield>
  </datafield>
  <datafield tag="650" ind1=" " ind2="4">
    <subfield code="a">Socialismo-</subfield>
    <subfield code="z">Francia-</subfield>
    <subfield code="y">S.XIX</subfield>
    <subfield code="9">17162</subfield>
  </datafield>
  <datafield tag="852" ind1=" " ind2=" ">
    <subfield code="a">ES-MaACL</subfield>
    <subfield code="b">R.110015</subfield>
    <subfield code="c">DEPO2</subfield>
    <subfield code="f">Biblioteca Juan Andrade</subfield>
    <subfield code="h">Legado Juan Andrade</subfield>
    <subfield code="j">AND-719 </subfield>
  </datafield>
  <datafield tag="856" ind1=" " ind2=" ">
    <subfield code="u">https://gallica.bnf.fr/ark:/12148/bpt6k2984382</subfield>
    <subfield code="y">Versi&#xF3;n en l&#xED;nea </subfield>
    <subfield code="z">(Gallica. Biblioth&#xE8;que nationale de France)</subfield>
  </datafield>
  <datafield tag="942" ind1=" " ind2=" ">
    <subfield code="2">udc</subfield>
    <subfield code="c">MONOGRAFIA</subfield>
    <subfield code="n">0</subfield>
  </datafield>
  <datafield tag="999" ind1=" " ind2=" ">
    <subfield code="c">106060</subfield>
    <subfield code="d">106060</subfield>
  </datafield>
  <datafield tag="952" ind1=" " ind2=" ">
    <subfield code="0">0</subfield>
    <subfield code="1">0</subfield>
    <subfield code="2">udc</subfield>
    <subfield code="4">0</subfield>
    <subfield code="7">0</subfield>
    <subfield code="a">ATENEOM</subfield>
    <subfield code="b">ATENEOM</subfield>
    <subfield code="c">DEPO2</subfield>
    <subfield code="d">2008-01-17</subfield>
    <subfield code="e">LEGADO</subfield>
    <subfield code="l">0</subfield>
    <subfield code="o">AND-719</subfield>
    <subfield code="p">1110722</subfield>
    <subfield code="r">2023-02-23 00:00:00</subfield>
    <subfield code="y">MONOGRAFIA</subfield>
  </datafield>
</record>
